Music Quiz

Random Music or Food Quiz

Food? In Song Lyrics Quiz Stats

 Plays Quiz not verified by Sporcle

Challenge
Share
Tweet
Embed
Score 0/30 Timer 09:00
0 Plays Today
% Correct
meat
83.2%
carrot
82%
steak
78.6%
mussels
77.3%
ice cream
68.4%
jam
65.2%
thyme
61.7%
offal
59.9%
butter
58.3%
cantaloupe
57.9%
flour
57.5%
wine
57.2%
bacon
55.2%
lime
51.9%
lettuce
51.4%
% Correct
ketchup
50.4%
pasta
49.6%
bread
48.6%
sushi
47.4%
pudding
46.7%
cheese
46%
orzo
42.1%
soda
40.7%
olive
39.8%
water
39.4%
doughnut
37.5%
chicken
36.4%
chili
34.8%
dressing
31.4%
beef
31%

You're not logged in!

Compare scores with friends on all Sporcle quizzes.
OR
Log In

You Might Also Like...

Show Comments

Extras

Top Quizzes Today


Score Distribution

Your Account Isn't Verified!

In order to create a playlist on Sporcle, you need to verify the email address you used during registration. Go to your Sporcle Settings to finish the process.

Report this User

Report this user for behavior that violates our Community Guidelines.

Details: